000 00535nam a22002057i 4500
001 7599
003 OSt
005 20170126082402.0
007 tu
008 161220s xxu||||| |||| 00| 0 d
024 7 _a7599
_2RID
024 7 _a7599
_2RSN (alt)
040 _cOSt
245 0 0 _aGross fixed capital formation 1995-2003
260 _aBudapest.
490 _aGross fixed capital formation 1995-2003
500 0 0 _aavailable at: http://portal.ksh.hu/portal/
110 2 _aHungary Central Statistical Office
856 _uhttp://www.ksh.hu
942 _cST
999 _c6460
_d6460